000
00255 a2200097 4500
001
58697
100
_a
245
_a
Interactions 1; Listening/Speaking; Teacher's Edition with tests
260
_a
North america
_b
Mc Graw Hill
_c
2007
090
_c
36020
_d
36020
942
_a
NUST-CAE
_c
_c
28915
999
_c
293770
_d
293770